000
00155nam a22000857a 4500
082
_a
823
100
_a
MADAVOOR SASI
245
_a
THE FOOLISH LION
942
_c
BK
999
_c
8183
_d
8183